KOHA-Header-6

Islam & The Economic Challenge (Record no. 2467)

000 -LEADER
fixed length control field 00305nam a2200121Ia 4500
008 - FIXED-LENGTH DATA ELEMENTS--GENERAL INFORMATION
fixed length control field 190802s9999 xx 000 0 und d
020 ## - INTERNATIONAL STANDARD BOOK NUMBER
International Standard Book Number 0-86037-216-2
100 ## - MAIN ENTRY--PERSONAL NAME
Personal name M. Umer Chapira
245 #0 - TITLE STATEMENT
Title Islam & The Economic Challenge
260 ## - PUBLICATION, DISTRIBUTION, ETC. (IMPRINT)
Place of publication, distribution, etc UK
Name of publisher, distributor, etc The Islamic Foundation
Date of publication, distribution, etc 2008
300 ## - PHYSICAL DESCRIPTION
Extent 428:p
942 ## - ADDED ENTRY ELEMENTS (KOHA)
Koha item type Books
Holdings
Withdrawn status Lost status Source of classification or shelving scheme Damaged status Not for loan Permanent Location Current Location Shelving location Date acquired Full call number Barcode Date last seen Price effective from Koha item type
          MAJU MAJU Shelf No.A48 2019-08-03 330.12 9090 2019-08-03 2019-08-03 Books

Powered by Koha